|
|
|
|
| LEADER |
01943nam a2200457 a 4500 |
| 001 |
EBC3019766 |
| 003 |
MiAaPQ |
| 005 |
20200520144314.0 |
| 006 |
m o d | |
| 007 |
cr cn||||||||| |
| 008 |
090528s2009 nyuad sb 001 0 eng d |
| 010 |
|
|
|z 2009020639
|
| 020 |
|
|
|z 9781607418122 (hbk.)
|
| 020 |
|
|
|z 1607418126 (hbk.)
|
| 020 |
|
|
|a 9781613240298 (electronic bk.)
|
| 035 |
|
|
|a (MiAaPQ)EBC3019766
|
| 035 |
|
|
|a (Au-PeEL)EBL3019766
|
| 035 |
|
|
|a (CaPaEBR)ebr10671331
|
| 035 |
|
|
|a (OCoLC)709863189
|
| 040 |
|
|
|a MiAaPQ
|c MiAaPQ
|d MiAaPQ
|
| 050 |
|
4 |
|a HD58.7
|b .T7438 2009
|
| 082 |
0 |
4 |
|a 302.3/5
|2 22
|
| 245 |
0 |
0 |
|a Trust, globalisation and market expansion
|h [electronic resource] /
|c Jacques-Marie Aurifeille, Christopher J. Medlin and Clem Tisdell, editors.
|
| 260 |
|
|
|a New York :
|b Nova Science Publishers,
|c c2009.
|
| 300 |
|
|
|a vi, 233 p. :
|b ill.
|
| 490 |
1 |
|
|a Economic issues, problems and perspectives series
|
| 504 |
|
|
|a Includes bibliographical references and index.
|
| 505 |
0 |
|
|a pt. I. Introduction -- pt. II. The role of trust in a changing business world -- pt. III. The role of trust within institutional and network elements of globalising -- pt. IV. The role of trust in consumer decisions.
|
| 533 |
|
|
|a Electronic reproduction. Ann Arbor, MI : ProQuest, 2015. Available via World Wide Web. Access may be limited to ProQuest affiliated libraries.
|
| 650 |
|
0 |
|a Trust
|x Economic aspects.
|
| 650 |
|
0 |
|a Interorganizational relations.
|
| 650 |
|
0 |
|a Organizational behavior.
|
| 650 |
|
0 |
|a Customer relations.
|
| 650 |
|
0 |
|a Consumer behavior.
|
| 655 |
|
4 |
|a Electronic books.
|
| 700 |
1 |
|
|a Aurifeille, Jacques-Marie.
|
| 700 |
1 |
|
|a Medlin, Christopher.
|
| 700 |
1 |
|
|a Tisdell, C. A.
|q (Clement Allan)
|
| 710 |
2 |
|
|a ProQuest (Firm)
|
| 830 |
|
0 |
|a Economic issues, problems and perspectives series.
|
| 856 |
4 |
0 |
|u https://ebookcentral.proquest.com/lib/matrademy/detail.action?docID=3019766
|z Click to View
|